| 000 | 00511nam a2200181Ia 4500 | ||
|---|---|---|---|
| 008 | 090123s9999 xx 000 0 und d | ||
| 082 |
_b14144 _a891.463/भगत |
||
| 100 | _aभगत वासु | ||
| 245 | _aसोय गैरसोय | ||
| 250 | _a1 | ||
| 260 | _bअनघा प्रकाशन | ||
| 300 | _a151 | ||
| 600 | _aभगत वासु | ||
| 630 | _aसोय गैरसोय | ||
| 700 | _aभगत वासु | ||
| 730 | _aसोय गैरसोय | ||
| 942 | _cBOOK | ||
| 999 |
_c52206 _d52206 |
||